Sports Quiz

Random Sports or NHL Quiz

Top-Scoring NHL Players by Birth Year Quiz Stats

 Plays Quiz Updated Apr 11, 2018

Challenge
Share
Tweet
Embed
Score 0/100 Timer 19:00
0 Plays Today
Year Player % Correct
1961Wayne Gretzky
92.8%
1987Sidney Crosby
88.9%
1985Alex Ovechkin
85.9%
1972Jaromir Jagr
80.7%
1988Patrick Kane
78.8%
1986Evgeni Malkin
78.7%
1990Steven Stamkos
75.1%
1928Gordie Howe
74%
1979Joe Thornton
73.8%
1911Syd Howe
73.5%
1939Bobby Hull
72.3%
1964Brett Hull
72.2%
1980Henrik Sedin
71.5%
1965Steve Yzerman
70.6%
1969Joe Sakic
69.3%
1984Eric Staal
68%
1997Connor McDavid
67.5%
1992Tyler Seguin
67.3%
1977Jarome Iginla
67.1%
1970Teemu Selanne
67%
1948Bobby Orr
66.7%
1978Pavel Datsyuk
63.9%
1921Maurice Richard
63.8%
1936Henri Richard
63.7%
1971Mats Sundin
62.7%
1975Martin St. Louis
61.7%
1976Patrik Elias
60.1%
1982Marian Gaborik
59%
1981Dany Heatley
58.5%
1957Mike Bossy
57.8%
1989Jamie Benn
57.6%
1974Paul Kariya
56.3%
1998Patrik Laine
55.9%
1991Matt Duchene
55.1%
Year Player % Correct
1963Ron Francis
55%
1960Raymond Bourque
55%
1995Nathan MacKinnon
54.5%
1942Phil Esposito
54.5%
1966Luc Robitaille
51.9%
1951Marcel Dionne
51.8%
1949Bobby Clarke
51.7%
1968Mark Recchi
51.1%
1956Bryan Trottier
49.3%
1993Nikita Kucherov
47.8%
1983Jason Spezza
47.3%
1940Stan Mikita
46.7%
1958Bobby Smith
42%
1903Hooley Smith
42%
1913Clint Smith
42%
1994Sean Monahan
41.5%
1973Alexei Kovalev
40.3%
1931Jean Beliveau
39.6%
1962Adam Oates
39.3%
1953Denis Potvin
39%
1996David Pastrňák
36.7%
1959Mike Gartner
36.7%
1999Nico Hischier
35.8%
1950Gilbert Perreault
35.5%
1967Vincent Damphousse
30.8%
1932Alex Delvecchio
27.7%
1955Dave Taylor
27.5%
1925Ted Lindsay
27.4%
1935John Bucyk
26.3%
1952Bill Barber
25.3%
1938Frank Mahovlich
25.2%
1946Pete Mahovlich
25.2%
1941Rod Gilbert
23.2%
1915Syl Apps
21.9%
Year Player % Correct
1943Yvan Cournoyer
20.9%
1945Jacques Lemaire
19%
1927Red Kelly
14.7%
1954Charlie Simmer
13.4%
1909Charlie Conacher
12.9%
1930George Armstrong
12.1%
1944Ken Hodge
12%
1918Elmer Lach
11.9%
1924Doug Harvey
11.6%
1916Doug Bentley
10.5%
1920Max Bentley
10.5%
1901Aurele Joliat
9.4%
1908Mush March
9%
1902Nels Stewart
8.6%
1947Garry Unger
7.9%
1907Dit Clapper
7.1%
1906Paul Thompson
4.9%
1912Bill Cowley
4.8%
1926Bert Olmstead
3.4%
1904Cooney Weiland
3.3%
1914Phil Watson
2.6%
1923Harry Watson
2.6%
1933Doug Mohns
2.5%
1900Billy Burch
2%
1905Marty Barry
1.9%
1937Murray Oliver
1.9%
1934Don McKenney
1.3%
1910Lorne Carr
1.1%
1919Edgar Laprade
1%
1929Vic Stasiuk
0.7%
1922George Gee
0.6%
1917Red Hamill
0.5%

You're not logged in!

Compare scores with friends on all Sporcle quizzes.
Join for Free
OR
Log In

You Might Also Like...

Show Comments

Extras

Top Quizzes Today


Score Distribution

Your Account Isn't Verified!

In order to create a playlist on Sporcle, you need to verify the email address you used during registration. Go to your Sporcle Settings to finish the process.

Report this User

Report this user for behavior that violates our Community Guidelines.

Details: